000
00256cam a22000977a 4500
008
180718b1965 xxu||||| |||| 00| 0 eng d
082
_a
L251x42 Un3
245
_a
The corporation tax
260
_a
London
_b
Her Majesty's Stationery Office
_c
1965
300
_a
44p.
999
_c
500285
_d
500285